08162nam a2200373 i 4500001001000000003000900010005001700019007000300036008004100039020001800080040003000098041000800128082002800136111013300164245028400297246011900581264007800700300002800778336002700806337003400833338003000867505200300897505419302900650008707093650008807180650008307268651006307351651008507414651008607499651002207585700006507607700005207672710006407724000047682DO-SdBNP20251022120750.0ta180719s2014 dr 000 0 spa d a9789945447842 aDO-SdBNPbspacBNPHUerda aspa 4a980.033bC749r 20112222 aCongreso Internacional de la Asociación de Historiadores Latinoamericanos y del Caribe (ADHILAC)n(10 :d2011:cSanto Domingo)14aLas revoluciones del siglo XX en la historia de América Latina y el Caribe :bMemorias del X Congreso Internacional de la Asociación de Historiadores Latinaoamericanos y del Caribe (ADHISAC) /ccompiladores, Ángela Altagracia Fernández Rosado, Jorge Enrique Elías-Caro.03aMemorias del X Congreso Internacional de la Asociación de Historiadores Latinaoamericanos y del Caribe (ADHISAC) 4aSanto Domingo :bUniversidad Autónoma de Santo Domingo (UASD),c©2014. a504 páginas ;c28 cm. atextobtxt2rdacontent asin mediaciónbn2rdamedia  avolumen bnc2rdacarrier 0 aHechos, actores e idiologías de las revoluciones centroamericanas. Ixiles, guerrilla y ejército en Guatemala : David Stoll y la cuestión de la memoria revolucionaria / Sergio Palencia Frener ; Los pactos políticos en los discursos del Partido Unificación Nacional, durante la campaña electoral de 1966 en Costa Rica : una reconstrucción de la memoria de la guerra civil de 1948 / Manuel Gamboa Brenes ; La Legión del Caribe vista a través de los testimonios centroamericanos / Dra. Elizet Payne Iglesias ; La revolución desde la contrarrevolución : la visión de ex combatientes discapacitados años después / Dra. Verónica Rueda Estrada ; La fruta amarga de la primavera guatemalteca : guerra fría e intereses extranjeros : 1944-1954 / Patricia Brito Camacho ; El viaje de las ideas : "la revolución de octubre", en Guatemala (1944-1954) y el proceso de las reformas sociales en Honduras entre 1949-1954 / Yesenia Martínez García -- México y las distintas expresiones de su revolución. Lázaro Cárdenas y la Revolución mexicana / Dr. Alejo Maldonado Gallardo ; Un medio de expresión de los exiliados de la Revolución mexicana : la América española / Claudia González Gómez ; Discriminación contra chinos durante la Revolución mexicana / Catalina Velásquez Morales ; Expresiones políticas e ideológicas en la Revolución mexicana : el caudillismo, herencia de la guerra civil agraria de 1910 en México / Alcira Soler Durán ; La economía mexicana en la posrevolución : 1910-1960 / Feliciano García Aguirre ; El culto al progreso, el orden y la heroicidad durante el gobierno de Porfirio Díaz / Leonardo Bastida Aguilar ; Manuel Gamio y la Revolución mexicana / Ignacio Medina Alegría ; Influencias de la revolución mexicana en los movimientos obreros y sindicales en Colombia / Jorge Enrique Elías Caro ; Historia, revolución y educación en México en el siglo XX / Jenaro Reynoso Jaime -- Las mujeres en l0 aHechos, actores e ideologías de las revoluciones centroamericanas. Ixiles, guerrilla y ejército en Guatemala : David Stoll y la cuestión de la memoria revolucionaria / Sergio Palencia Frener ; Los pactos políticos en los discursos del Partido Unificación Nacional, durante la campaña electoral de 1966 en Costa Rica : una reconstrucción de la memoria de la guerra civil de 1948 / Manuel Gamboa Brenes ; La Legión del Caribe vista a través de los testimonios centroamericanos / Dra. Elizet Payne Iglesias ; La revolución desde la contrarrevolución : la visión de ex combatientes discapacitados años después / Dra. Verónica Rueda Estrada ; La fruta amarga de la primavera guatemalteca : guerra fría e intereses extranjeros : 1944-1954 / Patricia Brito Camacho ; El viaje de las ideas : "la revolución de octubre", en Guatemala (1944-1954) y el proceso de las reformas sociales en Honduras entre 1949-1954 / Yesenia Martínez García -- México y las distintas expresiones de su revolución. Lázaro Cárdenas y la Revolución mexicana / Dr. Alejo Maldonado Gallardo ; Un medio de expresión de los exiliados de la Revolución mexicana : la América española / Claudia González Gómez ; Discriminación contra chinos durante la Revolución mexicana / Catalina Velásquez Morales ; Expresiones políticas e ideológicas en la Revolución mexicana : el caudillismo, herencia de la guerra civil agraria de 1910 en México / Alcira Soler Durán ; La economía mexicana en la posrevolución : 1910-1960 / Feliciano García Aguirre ; El culto al progreso, el orden y la heroicidad durante el gobierno de Porfirio Díaz / Leonardo Bastida Aguilar ; Manuel Gamio y la Revolución mexicana / Ignacio Medina Alegría ; Influencias de la revolución mexicana en los movimientos obreros y sindicales en Colombia / Jorge Enrique Elías Caro ; Historia, revolución y educación en México en el siglo XX / Jenaro Reynoso Jaime -- Las mujeres en las revoluciones latinoamericanas. El sufragio femenino y la revolución liberal en el Ecuador / Mgtra. Jenny Londoño López ; La Revolución guatemalteca y la participación de las mujeres / Guadalupe Rodríguez de Ita ; Participación de mujeres durante el proceso revolucionario desde 1959 hasta la Guerra de Abril de 1965 / Reina C. Rosario Fernández -- 1965 : arte y revolución en la República Dominicana / Zoila Anitza Gutiérrez -- Imaginario y juventud durante la Revolución de Abril de 1965, República Dominicana / Jacqueline Álvarez -- "La historia me absolverá" de Fidel y la Revolución latinoamericana / Franklin J. Franco -- Alcance nacional de la Revolución de Abril de 1965 : caso San Francisco de Macorís, Santiago y otros pueblos / Ángela Altagracia Fernández R. -- Bosch, su idea democratizadora, la Revolución de Abril y el proceso de legitimación de Balaguer / María Beatriz Torres Contreras, José Juan Méndez Ramírez -- Política, cultura y sociedad en el pensamiento antitrujillista de José Cordero Michel 1931-1959) / José G. Guerrero -- El momento desafiante de la Radio Constitucionalista / Fernando Casado -- Ecos de la Revolución cubana : en la selva de Orán, Salta, Argentina / Juan Carlos B. Wizny, María Elina Tejerina -- Recepción e impacto de la Revolución cubana en la Izquierda Uruguaya (1959-1967) / Jaime Yaffé -- Revolución del 30 e historiografía en Cuba / Dr. Arturo Sorhegui -- Cayo Confites, 1947 confluencia pre-vanguardista política en el Caribe / Mario Mencía -- Debates políticos y socio culturales en la Argentina de los sesenta : el impacto de la Revolución cubana / Carolina Crisorio -- La Revolución cubana y la cinematografía argentina de los años sesenta / Natalia Fernández Crisorio -- El movimiento nacional revolucionario y Rafael García Bárcena : el primer liderazgo insurreccional de la Revolución cubana contra Fulgencio Batista / Luis Alberto Pérez Llody -- La Revolución cubana vista desde España / Gonçal A. López Nadal -- Un proyecto frustrado en el centenario de las independencias / Pilar Cagiao Vila, Rosario Márquez Macías. 4aRevolucioneszAmérica LatinaxHistoriaySiglo XXvCongresos, conferencias, etc.  4aRevolucioneszCaribe (Región)xHistoriaySiglo XXvCongresos, conferencias, etc.  4aResistencia civil zCaribe (Región)ySiglo XXvCongresos, conferencias, etc. 4aAmérica LatinaxHistoriavCongresos, conferencias, etc.  4aAmérica LatinaxPolítica y gobiernoySiglo XXvCongresos, conferencias, etc. 0aCaribe (Región)xPolítica y gobiernoySiglo XXvCongresos, Conferencias, etc. 4aCaribe (Región)1 aFernández Rosado, Ángela Altagracia,ecompilador 4comp.1 aElías Caro, Jorge Enrique,ecompilador4comp.2 aAsociación de Historiadores Latinoamericanos y del Caribe